Europe by Their Capital - Map Quiz - Statistics

General Stats
  • This quiz has been taken 20 times
  • The average score is 39 of 45
Answers on the Map
Answers color-coded by a green-red scale on the quiz's map according to % correct below.
 
Answer Stats
Country % Correct
Moscow
100%
Amsterdam
95%
Athens
95%
Berlin
95%
Brussels
95%
Budapest
95%
Copenhagen
95%
Dublin
95%
Helsinki
95%
Kiev
95%
Lisbon
95%
London
95%
Madrid
95%
Oslo
95%
Paris
95%
Rome
95%
Vatican City
95%
Vienna
95%
Warsaw
95%
Bern
90%
Bucharest
90%
Luxembourg
90%
Minsk
90%
Monaco
90%
Prague
90%
Reykjavik
90%
Riga
90%
Stockholm
90%
Tallinn
90%
San Marino
85%
Sofia
85%
Vaduz
85%
Vilnius
85%
Belgrade
80%
Ljubljana
80%
Tirana
80%
Zagreb
80%
Andorra la Vella
75%
Bratislava
75%
Sarajevo
75%
Pristina
70%
Skopje
70%
Chisinau
65%
Valleta
65%
Podgorica
55%
No matching quizzes found
Score Distribution
Percent of People with Each Score
Percentile by Number Answered
Your Score History
You have not taken this quiz